Saltar al contenido
Inicio
Centros participantes
Catálogo
Servicios
Contacto
登錄
English
Deutsch
Español
Français
Italiano
日本語
Nederlands
Português
Português (Brasil)
中文(简体)
中文(繁體)
Türkçe
עברית
Gaeilge
Cymraeg
Ελληνικά
Català
Euskara
Русский
Čeština
Suomi
Svenska
polski
Dansk
slovenščina
اللغة العربية
বাংলা
Galego
Tiếng Việt
Hrvatski
हिंदी
Հայերէն
Українська
Sámegiella
語言
全文檢索
題名
作者
主題
索引號
ISBN/ISSN
標簽
檢索
高級檢索
Alternativas virtuales /
引用
推薦此
打印
導出紀錄
導出到 RefWorks
導出到 EndNoteWeb
導出到 EndNote
加到收藏夾
Enlace Permanente
Agregar primera valuación
Alternativas virtuales /
Guardado en:
書目詳細資料
主要作者:
Araya, María del Carmen
格式:
Texto
標簽:
添加標簽
沒有標簽, 成為第一個標記此記錄!
持有資料
實物特徵
您的評論
相似書籍
職員瀏覽
MARC
LEADER
00000 a a2200000 04500
001
4305
003
040
100
|a
Araya, María del Carmen
245
|a
Alternativas virtuales /
|c
María del Carmen Araya
773
|g
número 11; páginas 135-143
999
|c
22806
|d
22806
相似書籍
Virtual reality = Realidad virtual /
由: Rheingold, Howard
出版: (1991)
Reflejos virtuales /
由: Hoffmann Brenes, Hannia
出版: (1992)
Alemán virtual ganador
The virtual community : homesteading on the electronic frontier = La comunidad virtual: Homesteading en la frontera eléctrica /
由: Rheingold, Howard
出版: (1994)
El Machu Picchu virtual /